000 00652nam a2200241Ia 4500
003 OSt
005 20221005125909.0
006 a|||||r|||| 00| 0
007 ta
008 221004b |||||||| |||| 00| 0 eng d
024 _a30351
037 _cTextual
040 _aCRL
_cCRL
_beng
041 _2eng
_aeng
082 _aM143:M7, G6
100 _aKnecht Edmund
_9637276
245 0 _aPrinciples and practice of textile printing
260 _c1936
650 _aINDUSTRIAL ARTS
700 _a Fothergill James Best
_9637277
942 _hM143:M7, G6
_cTEXL
_2cc
999 _c1055440
_d1055440